[Event "LSS No Engine Cup 98 Preliminary 1"]
[Site "LSS email"]
[Date "2013.11.20"]
[Round "?"]
[White "Chester, Ian"]
[Black "Becze, Anita"]
[Result "1-0"]
[WhiteElo "1650"]
[BlackElo "1600"]
[PlyCount "21"]
[EventDate "2013.11.21"]
[EventType "tourn (corr)"]
[EventRounds "6"]
[EventCountry "GER"]
[SourceTitle "Corr 2022"]
[Source "ChessBase"]
[SourceDate "2021.10.24"]
[SourceVersion "1"]
[SourceVersionDate "2021.10.24"]
[SourceQuality "1"]

1. e4 c5 2. Nf3 Nc6 3. d4 cxd4 4. Nxd4 e6 5. Nc3 Bb4 6. Ndb5 Nf6 7. a3 Ba5 8. Nd6+ Ke7 9. b4 Bb6 10. Bf4 h6 11. Nc4 1-0

[Event "ZL-2013-0-01353"]
[Site "LSS email"]
[Date "2013.11.15"]
[Round "?"]
[White "Becze, Anita"]
[Black "Lauer, Frederic"]
[Result "0-1"]
[WhiteElo "1025"]
[BlackElo "1138"]
[PlyCount "26"]
[EventDate "2013.11.05"]
[EventType "match (corr)"]
[EventRounds "2"]
[EventCountry "GER"]
[SourceTitle "Corr 2022"]
[Source "ChessBase"]
[SourceDate "2021.10.24"]
[SourceVersion "1"]
[SourceVersionDate "2021.10.24"]
[SourceQuality "1"]

1. e4 c5 2. Bc4 e6 3. Qe2 Nc6 4. c3 a6 5. Nf3 Qc7 6. 0-0 b5 7. Bb3 c4 8. Bc2 Be7 9. a4 Bb7 10. Nd4 Nf6 11. d3 Nxd4 12. cxd4 d5 13. e5 Nd7 0-1

[Event "ZL-2013-0-01353"]
[Site "LSS email"]
[Date "2013.11.15"]
[Round "?"]
[White "Lauer, Frederic"]
[Black "Becze, Anita"]
[Result "1-0"]
[WhiteElo "1138"]
[BlackElo "1025"]
[PlyCount "25"]
[EventDate "2013.11.05"]
[EventType "match (corr)"]
[EventRounds "2"]
[EventCountry "GER"]
[SourceTitle "Corr 2022"]
[Source "ChessBase"]
[SourceDate "2021.10.24"]
[SourceVersion "1"]
[SourceVersionDate "2021.10.24"]
[SourceQuality "1"]

1. e4 e6 2. d4 d5 3. Nc3 Bb4 4. e5 c5 5. Qg4 Bxc3+ 6. bxc3 g6 7. Bg5 Qd7 8. a4 Qc7 9. Qg3 Nd7 10. Bb5 a6 11. Bxd7+ Bxd7 12. Ne2 c4 13. a5 1-0

[Event "LSS No Engine Cup 97 Preliminary 1"]
[Site "LSS email"]
[Date "2013.11.04"]
[Round "?"]
[White "Gyongyosi, Peter Laszlo"]
[Black "Becze, Anita"]
[Result "1-0"]
[WhiteElo "1167"]
[BlackElo "1600"]
[PlyCount "25"]
[EventDate "2013.11.05"]
[EventType "tourn (corr)"]
[EventRounds "6"]
[EventCountry "GER"]
[SourceTitle "Corr 2022"]
[Source "ChessBase"]
[SourceDate "2021.10.24"]
[SourceVersion "1"]
[SourceVersionDate "2021.10.24"]
[SourceQuality "1"]

1. d4 Nf6 2. c4 g6 3. Nc3 Bg7 4. Nf3 0-0 5. e4 d6 6. Bd3 Bg4 7. h3 Bxf3 8. Qxf3 Nbd7 9. 0-0 e5 10. d5 c5 11. Bg5 Qe7 12. a3 h6 13. Bxf6 1-0

[Event "CP-2013-P-00038"]
[Site "LSS email"]
[Date "2013.09.30"]
[Round "?"]
[White "Becze, Anita"]
[Black "Loginov, Pavel"]
[Result "0-1"]
[WhiteElo "1115"]
[BlackElo "1888"]
[PlyCount "21"]
[EventDate "2013.10.01"]
[EventType "tourn (corr)"]
[EventRounds "6"]
[EventCountry "GER"]
[SourceTitle "Corr 2015"]
[Source "ChessBase"]
[SourceDate "2015.07.17"]
[SourceVersion "1"]
[SourceVersionDate "2015.07.17"]
[SourceQuality "1"]

1. d4 d5 2. Nf3 Nf6 3. c4 c6 4. e3 e6 5. Nc3 Nbd7 6. Qc2 Bd6 7. Bd2 0-0 8. h3 Re8 9. g4 e5 10. cxd5 cxd5 11. Nb5 0-1

[Event "CP-2013-P-00038"]
[Site "LSS email"]
[Date "2013.09.30"]
[Round "?"]
[White "Szczepankiewicz, Dariusz"]
[Black "Becze, Anita"]
[Result "1-0"]
[WhiteElo "2429"]
[BlackElo "1115"]
[PlyCount "29"]
[EventDate "2013.10.01"]
[EventType "tourn (corr)"]
[EventRounds "6"]
[EventCountry "GER"]
[SourceTitle "Corr 2015"]
[Source "ChessBase"]
[SourceDate "2015.07.17"]
[SourceVersion "1"]
[SourceVersionDate "2015.07.17"]
[SourceQuality "1"]

1. e4 d5 2. exd5 Nf6 3. d4 c6 4. dxc6 Nxc6 5. Nf3 Bg4 6. c3 e5 7. Be2 Bxf3 8. Bxf3 exd4 9. 0-0 Be7 10. Bxc6+ bxc6 11. Qxd4 Qxd4 12. cxd4 Nd5 13. Nd2 0-0-0 14. Nb3 Rhe8 15. Bd2 1-0

[Event "OP-2013-0-03015"]
[Site "LSS email"]
[Date "2013.09.23"]
[Round "?"]
[White "Becze, Anita"]
[Black "Couspeyre, Thierry"]
[Result "1-0"]
[WhiteElo "1600"]
[BlackElo "1306"]
[PlyCount "41"]
[EventDate "2013.09.20"]
[EventType "tourn (corr)"]
[EventRounds "4"]
[EventCountry "GER"]
[SourceTitle "Corr 2022"]
[Source "ChessBase"]
[SourceDate "2021.10.24"]
[SourceVersion "1"]
[SourceVersionDate "2021.10.24"]
[SourceQuality "1"]

1. e4 e5 2. Nc3 Nf6 3. Nf3 Nc6 4. d4 exd4 5. Nd5 Bc5 6. Bg5 d6 7. Qd2 Be6 8. Bxf6 gxf6 9. 0-0-0 f5 10. Qh6 Bxd5 11. exd5 Ne7 12. Re1 Kd7 13. Qf6 Rf8 14. Ng5 Nxd5 15. Qxf5+ Kc6 16. Bc4 Nb6 17. Nxf7 Qd7 18. Qf3+ d5 19. Qf6+ Bd6 20. Ne5+ Kc5 21. Nxd7+ 1-0

[Event "OP-2013-0-03015"]
[Site "LSS email"]
[Date "2013.09.23"]
[Round "?"]
[White "Gyongyosi, Peter Laszlo"]
[Black "Becze, Anita"]
[Result "1-0"]
[WhiteElo "1072"]
[BlackElo "1600"]
[PlyCount "67"]
[EventDate "2013.09.20"]
[EventType "tourn (corr)"]
[EventRounds "4"]
[EventCountry "GER"]
[SourceTitle "Corr 2022"]
[Source "ChessBase"]
[SourceDate "2021.10.24"]
[SourceVersion "1"]
[SourceVersionDate "2021.10.24"]
[SourceQuality "1"]

1. d4 d5 2. Nf3 Nf6 3. e3 c5 4. c3 Nc6 5. Bb5 Qb6 6. Na3 e6 7. 0-0 Be7 8. Ne5 0-0 9. Bxc6 bxc6 10. Nc2 Ba6 11. Re1 Bd6 12. f4 Bxe5 13. fxe5 Ne4 14. Qg4 Bd3 15. Na3 c4 16. h4 Rab8 17. h5 h6 18. Nb1 Bxb1 19. Rxb1 Ng5 20. e4 Qd8 21. exd5 cxd5 22. Be3 f6 23. Bxg5 f5 24. Bxd8 fxg4 25. Bh4 Rf5 26. Rf1 Rbf8 27. Rxf5 Rxf5 28. Rf1 Rxh5 29. Bg3 Rf5 30. Rxf5 exf5 31. b3 Kf7 32. bxc4 dxc4 33. d5 Ke7 34. Kf2 1-0

[Event "RC-2013-0-00125"]
[Site "LSS email"]
[Date "2013.08.16"]
[Round "?"]
[White "Correa de Almeida, Claudio"]
[Black "Becze, Anita"]
[Result "1-0"]
[WhiteElo "1595"]
[BlackElo "1260"]
[PlyCount "33"]
[EventDate "2013.06.18"]
[EventType "tourn (corr)"]
[EventRounds "6"]
[EventCountry "GER"]
[SourceTitle "Corr 2015"]
[Source "ChessBase"]
[SourceDate "2015.07.17"]
[SourceVersion "1"]
[SourceVersionDate "2015.07.17"]
[SourceQuality "1"]

1. d4 d5 2. c4 c6 3. Nf3 Nf6 4. Nc3 Nbd7 5. cxd5 Nxd5 6. e4 N5b6 7. Be2 e6 8. 0-0 Bb4 9. a3 Bxc3 10. bxc3 0-0 11. c4 c5 12. Bf4 Nf6 13. e5 Ne8 14. Bd3 Nc7 15. Bxh7+ Kxh7 16. Ng5+ Kh8 17. Qh5+ 1-0

[Event "OP-2013-0-02758"]
[Site "LSS email"]
[Date "2013.04.30"]
[Round "?"]
[White "Becze, Anita"]
[Black "Novikov, Konstantin"]
[Result "0-1"]
[WhiteElo "1260"]
[BlackElo "1740"]
[PlyCount "98"]
[EventDate "2013.04.27"]
[EventType "tourn (corr)"]
[EventRounds "4"]
[EventCountry "GER"]
[SourceTitle "Telechess CBM 163"]
[Source "ChessBase"]
[SourceDate "2014.11.11"]
[SourceVersion "2"]
[SourceVersionDate "2014.11.11"]
[SourceQuality "1"]

1. e4 c5 2. Nf3 g6 3. Nc3 Bg7 4. Bc4 d6 5. d4 cxd4 6. Nxd4 Nf6 7. 0-0 0-0 8. Re1 Nc6 9. Nb3 Bd7 10. Be2 a6 11. Bg5 b5 12. Nd5 Nxe4 13. Bd3 Nxg5 14. c3 e6 15. Nf4 Qf6 16. Nd2 Qxf4 17. Ne4 Ne5 18. Nxg5 Nxd3 19. Nh3 Qf5 20. Re2 Nf4 21. Nxf4 Qxf4 22. Qd2 Qxd2 23. Rxd2 Be5 24. Rc1 Rac8 25. Rd3 d5 26. Kf1 Bxh2 27. b3 Bf4 28. Rc2 Rfd8 29. g3 Bh6 30. Kg2 Bc6 31. f3 Bg7 32. Kf2 b4 33. cxb4 Bb5 34. Rdd2 Bf8 35. a3 Rxc2 36. Rxc2 Ra8 37. f4 a5 38. a4 Bxa4 39. bxa4 axb4 40. Rb2 Rxa4 41. g4 Ra3 42. f5 b3 43. Ke3 d4+ 44. Kd3 gxf5 45. gxf5 exf5 46. Kc4 f4 47. Kd3 Bg7 48. Ke4 d3 49. Rd2 b2 0-1